[Event "Surabaya Zindgani Cup op"]
[Site "Surabaya"]
[Date "2018.11.08"]
[Round "2"]
[White "Cahyazafira, Arlisa Sepvita"]
[Black "Alhabsyi, Muhamad"]
[Result "0-1"]
[WhiteElo "1610"]
[BlackElo "2021"]
[PlyCount "100"]
[EventDate "2018.11.07"]
[EventType "swiss"]
[EventRounds "9"]
[EventCountry "INA"]
[SourceTitle "EXT 2020"]
[Source "ChessBase"]
[SourceDate "2019.10.17"]
[SourceVersion "1"]
[SourceVersionDate "2019.10.17"]
[SourceQuality "1"]

1. e4 c5 2. Nf3 d6 3. d4 cxd4 4. Nxd4 Nf6 5. Nc3 a6 6. Bg5 Nbd7 7. f4 g6 8. Qf3 Bg7 9. 0-0-0 0-0 10. g4 h6 11. Bxf6 Nxf6 12. h3 Qb6 13. Qd3 e5 14. fxe5 dxe5 15. Nb3 Be6 16. Bg2 Rfd8 17. Qe2 a5 18. Rxd8+ Rxd8 19. Rd1 Rxd1+ 20. Kxd1 Bf8 21. Qb5 Qxb5 22. Nxb5 a4 23. Nc1 h5 24. g5 Nh7 25. h4 f6 26. gxf6 Nxf6 27. Nc3 Bg4+ 28. Ke1 a3 29. bxa3 Bxa3 30. Nd3 Nd7 31. Nd5 Kf7 32. Kf2 Bd6 33. Bf3 Be6 34. c4 Bb8 35. Kg3 b5 36. Kg2 bxc4 37. N3b4 Bd6 38. a4 Nb8 39. a5 c3 40. Nc2 Bxd5 41. exd5 Bc7 42. Be2 Bxa5 43. Bb5 Ke7 44. Kf3 Bc7 45. Ke4 Nd7 46. Kd3 Nf6 47. Ne3 Kd6 48. Bc6 Bd8 49. Nc4+ Kc5 50. Nxe5 Kb4 0-1

[Event "Jakarta Tunas Jaya I"]
[Site "Jakarta"]
[Date "2018.07.14"]
[Round "8.8"]
[White "Alhabsyi, Muhamad"]
[Black "Sudung, Tampubolon"]
[Result "0-1"]
[WhiteElo "1989"]
[BlackElo "2064"]
[PlyCount "82"]
[EventDate "2018.07.11"]
[EventType "swiss"]
[EventRounds "9"]
[EventCountry "INA"]
[SourceTitle "EXT 2024"]
[Source "ChessBase"]
[SourceDate "2023.10.10"]
[SourceVersion "1"]
[SourceVersionDate "2023.10.10"]
[SourceQuality "1"]

1. e4 e5 2. Nf3 Nc6 3. Bb5 a6 4. Ba4 Nf6 5. 0-0 b5 6. Bb3 Be7 7. Re1 0-0 8. d4 d6 9. c3 Bg4 10. Be3 Na5 11. Bc2 Nc4 12. Bc1 c5 13. b3 Nb6 14. dxc5 Bxf3 15. Qxf3 dxc5 16. Nd2 Re8 17. Nf1 Bf8 18. Ng3 g6 19. Be3 Nbd7 20. Red1 Qc7 21. Bg5 Bg7 22. Qe3 Nf8 23. h3 Ne6 24. Bh6 Bh8 25. Bd3 Red8 26. Bf1 Rab8 27. Qe1 Qa5 28. Bd2 Bg7 29. a4 Qc7 30. axb5 axb5 31. Ra2 h5 32. Rda1 h4 33. Nh1 Nh5 34. Be3 Qe7 35. Ra5 b4 36. cxb4 cxb4 37. Kh2 Nhf4 38. Bc4 Nd4 39. f3 Nc2 40. Qf2 Nxa1 41. Rxa1 Ra8 0-1

[Event "Jakarta Tunas Jaya I"]
[Site "Jakarta"]
[Date "2018.07.12"]
[Round "4.1"]
[White "Alhabsyi, Muhamad"]
[Black "Priguna, Gerald Pramoedya"]
[Result "0-1"]
[WhiteElo "1989"]
[BlackElo "2105"]
[PlyCount "109"]
[EventDate "2018.07.11"]
[EventType "swiss"]
[EventRounds "9"]
[EventCountry "INA"]
[SourceTitle "EXT 2024"]
[Source "ChessBase"]
[SourceDate "2023.10.10"]
[SourceVersion "1"]
[SourceVersionDate "2023.10.10"]
[SourceQuality "1"]

1. e4 c5 2. Nf3 g6 3. d4 cxd4 4. Qxd4 Nf6 5. Nc3 Nc6 6. Qa4 d6 7. e5 dxe5 8. Nxe5 Qd4 9. Nxc6 Qxa4 10. Nxa4 bxc6 11. Be3 Bg7 12. Be2 Bf5 13. 0-0-0 0-0 14. Bd3 Be6 15. Nc5 Bc8 16. Be2 Rb8 17. Bd4 Bf5 18. Bf3 Rfd8 19. a3 Ng4 20. Bxg7 Kxg7 21. Bxg4 Bxg4 22. f3 Bf5 23. g4 Be6 24. Rxd8 Rxd8 25. Nxe6+ fxe6 26. Re1 Kf6 27. Re4 e5 28. Rc4 Rd6 29. Ra4 Rd7 30. h4 Ke6 31. Rc4 Rd6 32. b3 h5 33. Ra4 Rd4 34. Rxd4 exd4 35. gxh5 gxh5 36. Kd2 Kf5 37. Kd3 Kf4 38. Kxd4 e5+ 39. Kd3 Kxf3 40. Kd2 e4 41. Ke1 Ke3 42. b4 a6 43. a4 Kd4 44. Kd2 Kc4 45. Ke3 Kxb4 46. Kxe4 Kxa4 47. Kf5 Kb5 48. Kg5 a5 49. Kxh5 a4 50. Kg6 a3 51. h5 a2 52. h6 a1Q 53. Kh7 Qf6 54. Kg8 Qxh6 55. Kf7 0-1

[Event "Penang op-A 9th"]
[Site "Penang"]
[Date "2017.12.06"]
[Round "4"]
[White "Natarajan, C."]
[Black "Alhabsyi, Muhamad"]
[Result "1/2-1/2"]
[WhiteElo "2162"]
[BlackElo "2027"]
[PlyCount "35"]
[EventDate "2017.12.04"]
[EventType "swiss"]
[EventRounds "9"]
[EventCountry "MAS"]
[SourceTitle "CBM 182 Extra"]
[Source "ChessBase"]
[SourceDate "2018.02.23"]
[SourceVersion "1"]
[SourceVersionDate "2018.02.23"]
[SourceQuality "1"]

1. d4 Nf6 2. Nf3 e6 3. Bg5 c5 4. e3 d6 5. Nbd2 Nbd7 6. c3 Be7 7. Bd3 b6 8. 0-0 Bb7 9. e4 Qc7 10. Qe2 h6 11. Bh4 0-0 12. e5 Nd5 13. Qe4 N5f6 14. Qe2 Nd5 15. Qe4 N5f6 16. Qe1 Nd5 17. c4 Bxh4 18. Nxh4 1/2-1/2

[Event "Penang op-A 9th"]
[Site "Penang"]
[Date "2017.12.04"]
[Round "1"]
[White "Alhabsyi, Muhamad"]
[Black "Grigoryan, Karen H"]
[Result "0-1"]
[WhiteElo "2027"]
[BlackElo "2571"]
[PlyCount "45"]
[EventDate "2017.12.04"]
[EventType "swiss"]
[EventRounds "9"]
[EventCountry "MAS"]
[SourceTitle "CBM 182 Extra"]
[Source "ChessBase"]
[SourceDate "2018.02.23"]
[SourceVersion "1"]
[SourceVersionDate "2018.02.23"]
[SourceQuality "1"]

1. e4 e5 2. Nf3 Nc6 3. Bb5 a6 4. Ba4 Nge7 5. 0-0 g6 6. c3 Bg7 7. d3 0-0 8. Nbd2 d6 9. h3 h6 10. Bb3 Kh7 11. Nc4 f5 12. Qe2 f4 13. Rd1 b5 14. Na3 g5 15. Nc2 Na5 16. d4 Qe8 17. Nb4 Nxb3 18. axb3 Qg6 19. dxe5 dxe5 20. c4 g4 21. hxg4 Bxg4 22. cxb5 Qh5 23. Kf1 0-1

[Event "Penang op 8th"]
[Site "Penang"]
[Date "2016.12.09"]
[Round "8"]
[White "Alhabsyi, Muhamad"]
[Black "Sivakumar, Ashvin"]
[Result "1/2-1/2"]
[WhiteElo "1868"]
[BlackElo "2172"]
[PlyCount "21"]
[EventDate "2016.12.05"]
[EventType "swiss"]
[EventRounds "9"]
[EventCountry "MAS"]
[SourceTitle "CBM 176 Extra"]
[Source "ChessBase"]
[SourceDate "2017.03.02"]
[SourceVersion "1"]
[SourceVersionDate "2017.03.02"]
[SourceQuality "1"]

1. e4 e5 2. Nf3 Nc6 3. Nc3 Bc5 4. Bb5 d6 5. Bxc6+ bxc6 6. d4 exd4 7. Nxd4 Qf6 8. Be3 Ne7 9. Qd2 Bd7 10. 0-0-0 Bb4 11. Rhe1 1/2-1/2

[Event "Penang op 8th"]
[Site "Penang"]
[Date "2016.12.07"]
[Round "4"]
[White "Alhabsyi, Muhamad"]
[Black "Hng, Mei Xian Eunice"]
[Result "1-0"]
[WhiteElo "1868"]
[BlackElo "1581"]
[PlyCount "71"]
[EventDate "2016.12.05"]
[EventType "swiss"]
[EventRounds "9"]
[EventCountry "MAS"]
[SourceTitle "CBM 176 Extra"]
[Source "ChessBase"]
[SourceDate "2017.03.02"]
[SourceVersion "1"]
[SourceVersionDate "2017.03.02"]
[SourceQuality "1"]

1. e4 c5 2. f4 e6 3. Nf3 g6 4. Nc3 a6 5. a4 Bg7 6. e5 d5 7. d4 cxd4 8. Nxd4 Nc6 9. Be3 Nge7 10. Nb3 Nf5 11. Bc5 Qh4+ 12. g3 Nxg3 13. Bf2 Qxf4 14. Bxg3 Qe3+ 15. Qe2 Qxe2+ 16. Bxe2 Bxe5 17. Bxe5 Nxe5 18. 0-0-0 f5 19. Rhe1 Nc6 20. Bf3 Kf7 21. Nc5 g5 22. Rd2 g4 23. Bd1 Re8 24. h3 b6 25. Nd3 d4 26. Ne2 e5 27. hxg4 fxg4 28. Ng3 Bd7 29. Rh2 Kg8 30. Ne4 Kg7 31. Bxg4 Bxg4 32. Rg1 Re6 33. Rxg4+ Rg6 34. Rgh4 h6 35. Rh5 Re8 36. Rf2 1-0